| 000 | 00000nam##2200000za#4500 |
| 001 | 9.624879 |
| 003 | CaOODSP |
| 005 | 20241210082331 |
| 007 | ta |
| 008 | 150406|1998||||xxc||||| f|0| 0 fre|d |
| 020 | |a0-662-83245-0 |
| 022 | |a1192-5434 |
| 040 | |aCaOODSP|bfre |
| 043 | |an-cn--- |
| 086 | 1 |aFB3-2/98-17F |
| 110 | 2 |aBanque du Canada. |
| 245 | 13|aLa politiques monétaire a-t-elle des effets asymétriques sur l'emploi? / |cpar Lise Pichette. |
| 260 | |aOttawa - Ontario : |bBanque du Canada |c1998. |
| 300 | |avi, 37p. : |bgraphiques, références, tableaux ; |c28 cm. |
| 490 | 1 |aDocument de travail|x1192-5434|v98-17 |
| 546 | |aAbstracts in English |
| 563 | |aCouverture souple |
| 590 | |a98-42|b1998-10-16 |
| 720 | 1 |aPichette, Lise |
| 776 | 0#|tLa politique monétaire a-t-elle des effets asymétriques sur l'emploi? / |w(CaOODSP)9.602130 |
| 830 | #0|aDocument de travail,|x1192-5434|v98-17|w(CaOODSP)9.513013 |